Concrete mathematics : a foundation for computer science /
Guardado en:
| Autor Principal: | |
|---|---|
| Otros Autores: | , |
| Formato: | Libro |
| Idioma: | English |
| Publicado: |
Reading, Mass. :
Addison-Wesley,
c1994.
|
| Edición: | 2nd ed. |
| Materias: | |
| Etiquetas: |
Agregar Etiqueta
Sin Etiquetas, Sea el primero en etiquetar este registro!
|
| LEADER | 00852cam a2200253 a 4500 | ||
|---|---|---|---|
| 001 | DCC.dcic000370 | ||
| 008 | 931103s1994####maua#####b####001#0#eng## | ||
| 005 | 20151123150927.0 | ||
| 245 | 1 | 0 | |a Concrete mathematics : |b a foundation for computer science / |c Ronald L. Graham, Donald E. Knuth, Oren Patashnik. |
| 250 | |a 2nd ed. | ||
| 260 | |a Reading, Mass. : |b Addison-Wesley, |c c1994. | ||
| 300 | |a xiii, 657 p. : |b il. ; |c 24 cm. | ||
| 504 | |a Incluye referencias bibliográficas (p. 604-631) e índice. | ||
| 020 | |a 0201558025 | ||
| 100 | 1 | |a Graham, Ronald L., |d 1935- | |
| 700 | 1 | |a Knuth, Donald Ervin, |d 1938- | |
| 700 | 1 | |a Patashnik, Oren. | |
| 082 | 0 | 0 | |a 510 |2 20 |
| 650 | 0 | |a Mathematics. | |
| 650 | 0 | |a Computer science |x Mathematics. | |
| 010 | |a 93040325 | ||
| 040 | |a DLC |c DLC |d DLC | ||
| 050 | 0 | 0 | |a QA39.2 |b .G733 1994 |
| 859 | |a DCIC |b BIB. COMPUTACION |p 0435 | ||
